I primi principii della sociologia (Record no. 158547)
[ view plain ]
| 000 -LEADER | |
|---|---|
| campo de control de longitud fija | 00689nam a22001815i 4500 |
| 001 - NÚMERO DE CONTROL | |
| campo de control | 158547 |
| 003 - IDENTIFICADOR DE NÚMERO DE CONTROL | |
| campo de control | ES-MaACL |
| 005 - FECHA Y HORA DE LA ÚLTIMA TRANSACCIÓN | |
| campo de control | 20250805062613.0 |
| 008 - DATOS DE LONGITUD FIJA--INFORMACIÓN GENERAL | |
| campo de control de longitud fija | 040901s1891 it d |||| | ita d |
| 040 ## - FUENTE DE CATALOGACIÓN | |
| Centro catalogador/agencia de origen | CAM |
| Lengua de catalogación | spa |
| Centro/agencia transcriptor | CAM |
| 100 1# - ENTRADA PRINCIPAL--NOMBRE DE PERSONA | |
| Nombre de persona | Majorana, Angelo. |
| 9 (RLIN) | 75653 |
| 245 12 - MENCIÓN DEL TÍTULO | |
| Título | I primi principii della sociologia |
| Resto del título | : libri VI / |
| Mención de responsabilidad, etc. | di Angelo Majorana. |
| 260 ## - PUBLICACIÓN, DISTRIBUCIÓN, ETC. | |
| Lugar de publicación, distribución, etc. | Roma ; |
| -- | Firenze ; |
| -- | Torino : |
| Nombre del editor, distribuidor, etc. | Ermanno Loescher & C., |
| Fecha de publicación, distribución, etc. | 1891 ( |
| Lugar de fabricación/manufactura | Catania : |
| Fabricante | tip. Francesco Galati) |
| 300 ## - DESCRIPCIÓN FÍSICA | |
| Extensión | 154 p., [1] h. gráf. ; |
| Dimensiones | 20 cm. |
| 650 #7 - PUNTO DE ACCESO ADICIONAL DE MATERIA--TÉRMINO DE MATERIA | |
| Término de materia o nombre geográfico como elemento de entrada | Sociología |
| Fuente del encabezamiento o término | embne |
| 9 (RLIN) | 17195 |
| 852 ## - LOCALIZACIÓN | |
| Ubicación | ES-MaACL |
| Número de control de estantería | T-875-F-1 |
| Nota libre | -- Enc. hol., conservando la cub. original |
| -- | -- Enc. en un vol. facticio |
| Estatus retirado | Estado de pérdida | Estado de daño | No para préstamo | Colección | Biblioteca de origen | Biblioteca actual | Ubicación en estantería | Fecha de adquisición | Total de préstamos | Signatura topográfica completa | Código de barras | Visto por última vez | Precio de reemplazo | Tipo de ítem Koha |
|---|---|---|---|---|---|---|---|---|---|---|---|---|---|---|
| Colección de folletos | Biblioteca del Ateneo de Madrid | Biblioteca del Ateneo de Madrid | Depósito folletos | 17/01/2008 | T-875-F-1 | 1165946 | 23/02/2023 | 23/02/2023 | Folleto |
